000 01906nam a2200517 i 4500
001 2593
003 KOSZ 005
005 20201020090533.0
008 981103s1985 pl a |000 0 pol
015 _aUWD 1986/1022
035 _a991007541409705066
035 _a(PL-WaBN)b11956100-48omnis_nlop
035 _ab11956100
035 _a(OCoLC)835891370
035 _a(PL)b0000001195610
035 _a(EXLNZ-48OMNIS_NETWORK)9910371391305606
040 _aWA N
_cWA N
_dKOSZ 005/AR
041 0 _apol
044 _apl
046 _k1985
080 _a66
080 _a543
080 _a(075.8)
100 1 _aMorawski, Tadeusz
_c (chemik)
_eAutor
245 1 0 _aAparaty analizy instrumentalnej :
_bskrypt dla studentów wyższych szkół technicznych do przedmiotu Analiza instrumentalna /
_cTadeusz Morawski ; Politechnika Krakowska im. Tadeusza Kościuszki.
260 _aKraków :
_bZakład Graficzny Politechniki Krakowskiej,
_c1985.
300 _a191 stron :
_bilustracje ;
_c24 cm.
336 _aTekst
_btxt
_2rdacontent
337 _aBez urządzenia pośredniczącego
_bn
_2rdamedia
338 _aWolumin
_bnc
_2rdacarrier
380 _aKsiążki
380 _aPublikacje dydaktyczne
388 _a1901-2000
388 _a1945-1989
521 _aSkrypt dla studentów wyższych szkół technicznych do przedmiotu: analiza instrumentalna.
650 7 _aChemia analityczna
_2DBN
650 7 _aTechnologia chemiczna
_2DBN
655 7 _aPodręczniki akademickie
_2DBN
658 _aChemia
658 _aInżynieria i technika
710 2 _aPolitechnika Krakowska im. Tadeusza Kościuszki
710 2 _aZakład Graficzny Politechniki Krakowskiej
_4pbl
856 _uhttp://koha.tu.koszalin.pl/cgi-bin/koha/opac-detail.pl?biblionumber=2593
_yKatalog online BPK
942 _2UKD
_cKS
999 _c2593
_d2593